| Tag |
First Indicator |
Second Indicator |
Subfields |
| LEADER |
00000nam a2200000Ia 4500 |
| 001 |
in00004230013 |
| 005 |
20200806094125.0 |
| 006 |
m g d |
| 007 |
cr bn |||a|bb| |
| 008 |
960318s1565 enk o 00| | eng d |
| 035 |
|
|
|a (OCoLC)34382843
|
| 040 |
|
|
|a EBK
|c EBK
|d WaOLN
|
| 037 |
|
|
|a CL0036000058
|b ProQuest. 789 E. Eisenhower Parkway, Ann Arbor, MI 48108-3218
|
| 043 |
|
|
|a e-uk---
|
| 090 |
|
|
|a KD979
|b .P44 1565
|
| 049 |
|
|
|a UMIA
|
| 100 |
1 |
|
|a Perkins, John,
|d d. 1545.
|
| 240 |
1 |
0 |
|a Profitable booke treating of the lawes of England
|
| 245 |
1 |
2 |
|a A profitable booke of Maister John Perkins felowe of the inner Temple treating of the lawes of Englande
|
| 260 |
|
|
|a [London] :
|b Apud Richardum Tottell,
|c [1565?]
|
| 300 |
|
|
|a 1 online resource ([19], 168 leaves.
|
| 336 |
|
|
|a text
|b txt
|2 rdacontent
|
| 337 |
|
|
|a computer
|b c
|2 rdamedia
|
| 338 |
|
|
|a online resource
|b cr
|2 rdacarrier
|
| 500 |
|
|
|a Date of publication suggested by STC (2nd edition).
|
| 500 |
|
|
|a Numbered as leaves, printed as pages.
|
| 500 |
|
|
|a Errors in paging: folio 9 and 154 numbered 17 and 167 respectively.
|
| 500 |
|
|
|a Colophon reads: Imprinted at London in Fletestrete within Temple barre, at the signe of the hande and starre, by Richarde Tottle.
|
| 500 |
|
|
|a "Cum priuilegio."
|
| 500 |
|
|
|a Imperfect: tightly bound and with print show-through.
|
| 500 |
|
|
|a Signatures: A-B⁸, C³, B-Y⁸.
|
| 500 |
|
|
|a Reproduction of original in: Harvard University. Library.
|
| 510 |
4 |
|
|a STC (2nd edition)
|c 19634.5
|
| 533 |
|
|
|a Electronic reproduction.
|b Ann Arbor, Mich. :
|c UMI,
|d 1999-
|f (Early English books online)
|n Digital version of: (Early English books, 1475-1640 ; 1902:6)
|7 s1999 miun s
|
| 650 |
|
0 |
|a Conveyancing
|z Great Britain.
|
| 650 |
|
0 |
|a Law
|z Great Britain.
|
| 830 |
|
0 |
|a Early English books online.
|
| 856 |
4 |
0 |
|u http://proxy.library.tamu.edu/login?url=https://search.proquest.com/docview/2240925640
|z Connect to the full text of this electronic book
|t 0
|
| 999 |
f |
f |
|s cdf24f51-037a-3df7-b8c6-a585bf42eb90
|i df73187a-84a9-3e80-a94e-fb51d83edece
|t 0
|
| 952 |
f |
f |
|a Texas A&M University
|b College Station
|c Electronic Resources
|d Available Online
|t 0
|e KD979 .P44 1565
|h Library of Congress classification
|
| 998 |
f |
f |
|a KD979 .P44 1565
|t 0
|l Available Online
|